Name the Artists - Statistics

General Stats
  • This quiz has been taken 1,128 times
  • The average score is 8 of 15
Answer Stats
Hint Answer % Correct
Guernica, The Old Guitarist, Les Demoiselles d'Avignon Pablo Picasso
98%
The Thinker, The Age of Bronze, The Gates of Hell Auguste Rodin
89%
The Milkmaid, Girl with the Pearl Earring, The Astronomer Johannes Vermeer
89%
Luncheon on the Grass, Olympia, The Races at Longchamp Edouard Manet
84%
L'Absinthe, Rehearsal on Stage, The Dance Class Edgar Degas
79%
A Sunday Afternoon on the Island of La Grande Jatte, Baignade Georges Seurat
66%
Two Tahitian Women, Maternity, Spirit of the Dead Watching Paul Gauguin
57%
Autumn Rhythm, No. 5, Number 1, 1950 Jackson Pollock
53%
La Toilette, Femmes de Maison, Ball at the Moulin de la Galette Henri de Toulouse-Lautrec
47%
Red Room, The Dance, The Yellow Curtain, Open Window (Collioure) Henri Matisse
38%
No. 14, No. 61 (Rust and Blue), Four Darks in Red Mark Rothko
34%
The Storm on the Sea of Galilee, The Abduction of Europa, The Stoning of Saint Stephen Rembrandt
29%
Violin and Candlestick, La guitare, Le Viaduc de L'Estaque Georges Braque
21%
The Suicide of Dorothy Hale, What the Water Gave Me Frida Kahlo
17%
Yves, Ici, La Vie en Rose Joan Mitchell
2%
No matching quizzes found
Score Distribution
Percent of People with Each Score
Percentile by Number Answered
Your Score History
You have not taken this quiz